000
00274 a2200109 4500
020
_a
8171418627
082
_a
517.2 SHA
100
_a
Sharma,A. K.
245
_a
Advanced Differential Calculus
_c
A. K. Sharma
260
_a
New Delhi:
_b
DPH,
_c
2004.
300
_a
374p. :
_b
ill. ;
_c
23 cm.
650
_a
calculus
999
_c
520
_d
520